000 00306nam a2200121Ia 4500
008 191201s2013 xx 000 0 und d
100 _aTOMASI,Wayne
245 0 _aIntroduction to Data Communications and Networking
260 _aN. delhi
_bPearson
_c2013
300 _a985
650 _aMCA
942 _2ddc
_cBK
999 _c6094
_d6094